Chăn nuôi lợn hướng nạc ở gia đình và trang trại
Giới thiệu kĩ thuật chăn nuôi lợn hướng nạc ở gia đình và trang trại cụ thể như: chọn giống, nhân giống, dinh dưỡng và thức ăn cho lợn, quy trình công nghệ nuôi các loại lợn, bệnh và biện pháp phòng chữa cùng một số tiêu chuẩn dinh dư...
Αποθηκεύτηκε σε:
| Κύριος συγγραφέας: | |
|---|---|
| Μορφή: | Βιβλίο |
| Γλώσσα: | Undetermined |
| Έκδοση: |
Hà Nội
Nông nghiệp
2008
|
| Θέματα: | |
| Ετικέτες: |
Προσθήκη ετικέτας
Δεν υπάρχουν, Καταχωρήστε ετικέτα πρώτοι!
|
| Thư viện lưu trữ: | Trung tâm Học liệu Trường Đại học Cần Thơ |
|---|
| LEADER | 01102nam a2200217Ia 4500 | ||
|---|---|---|---|
| 001 | CTU_133013 | ||
| 008 | 210402s9999 xx 000 0 und d | ||
| 020 | |c 52000 | ||
| 082 | |a 636.4 | ||
| 082 | |b Th305 | ||
| 100 | |a Nguyễn, Thiện | ||
| 245 | 0 | |a Chăn nuôi lợn hướng nạc ở gia đình và trang trại | |
| 245 | 0 | |c Nguyễn Thiện chủ biên ...[et al.] | |
| 260 | |a Hà Nội | ||
| 260 | |b Nông nghiệp | ||
| 260 | |c 2008 | ||
| 520 | |a Giới thiệu kĩ thuật chăn nuôi lợn hướng nạc ở gia đình và trang trại cụ thể như: chọn giống, nhân giống, dinh dưỡng và thức ăn cho lợn, quy trình công nghệ nuôi các loại lợn, bệnh và biện pháp phòng chữa cùng một số tiêu chuẩn dinh dưỡng trong chăn nuôi lợn ở nước ta và những nước khác | ||
| 650 | |a Swine,Con lợn | ||
| 650 | |x Breeding,Chăn nuôi | ||
| 904 | |i Trọng Hải | ||
| 980 | |a Trung tâm Học liệu Trường Đại học Cần Thơ | ||